|
|
|
|
| LEADER |
00000cam a2200000 4500 |
| 001 |
vtls012238175 |
| 003 |
SK-MaSNL |
| 005 |
20260302073751.0 |
| 008 |
230825s2023 xo ob g n 000 0 slo |
| 015 |
|
|
|a SNBA2023/10
|
| 020 |
|
|
|a 9788080793159
|q (brožované)
|
| 040 |
|
|
|a SNK
|b slo
|c SNK
|e rda
|
| 041 |
0 |
|
|a slo
|
| 044 |
|
|
|a xo
|c SK
|
| 072 |
|
7 |
|a 323
|x Vnútropolitický vývoj, politický život
|2 konspekt
|
| 080 |
|
|
|a (=162.4):(=511.141)
|2 2011
|
| 080 |
|
|
|a 314.113:323.1
|2 2011
|
| 080 |
|
|
|a 341.221.4
|2 2011
|
| 080 |
|
|
|a (048.8)
|2 2011
|
| 080 |
|
|
|a 323.26/.27+327.88
|2 2011
|
| 100 |
1 |
|
|a Rastipluk, Svätoslav
|4 aut
|9 738576
|
| 245 |
1 |
0 |
|a Zahmlievanie dejín
|b maďarsko-slovenské vzťahy : ako byť občianskym aktivistom : čo vám v škole zatajili
|c Svätoslav Rastipluk
|
| 264 |
|
1 |
|a Bratislava
|b Eko-konzult
|c 2023
|
| 300 |
|
|
|a 111 strán
|b čiernobiele fotografie, mapy
|c 21 cm
|
| 336 |
|
|
|a text
|b txt
|2 rdacontent
|
| 337 |
|
|
|a bez média
|b n
|2 rdamedia
|
| 338 |
|
|
|a zväzok
|b nc
|2 rdacarrier
|
| 504 |
|
|
|a Obsahuje bibliografiu na strane 98-99, bibliografické odkazy a bibliografické poznámky
|
| 650 |
0 |
7 |
|a Slováci a Maďari
|2 SNKPH
|9 64961
|
| 650 |
0 |
7 |
|a Slovaks and Hungarians
|2 SNKPHeng
|9 288459
|
| 650 |
0 |
7 |
|a národnostná politika
|2 SNKPH
|9 4656
|
| 650 |
0 |
7 |
|a Nationality policy
|2 SNKPHeng
|9 266820
|
| 650 |
0 |
7 |
|a medzinárodné vzťahy
|2 SNKPH
|9 3690
|
| 650 |
0 |
7 |
|a International relations
|2 SNKPHeng
|9 265830
|
| 650 |
0 |
7 |
|a konšpiračné teórie
|2 SNKPH
|9 100906
|
| 650 |
0 |
7 |
|a Conspiracy theories
|2 SNKPHeng
|9 313601
|
| 655 |
|
7 |
|a monografie
|2 SNKPH
|9 70139
|
| 655 |
|
7 |
|a Monographs
|2 SNKPHeng
|9 120675
|
| 852 |
|
|
|a Slovenská národná knižnica
|
| 919 |
|
|
|a 978-80-8079-315-9
|
| 954 |
|
|
|a iná literatúra (príručky, kuchárske knihy, hobby literatúra, sprievodcovia) pôvodná (slovenská)
|2 lita
|
| 958 |
|
|
|a NB
|
| 999 |
|
|
|c 1162282
|d 1164212
|
| 952 |
|
|
|a SNK
|b SNK
|y PREZ
|7 0
|p 17A1534605
|o snkSC 203406
|i snk2023/12603
|8 0
|0 0
|1 0
|4 0
|d 2023-08-25
|l 0
|r 2025-10-27 00:00:00
|w 2026-02-24
|
| 952 |
|
|
|a SNK
|b SNK
|y VYP
|7 0
|p 17A1534606
|o snkSC 203406 D1
|i snk2023/12604
|8 0
|0 0
|1 0
|4 0
|d 2023-08-25
|l 0
|r 2026-02-24 20:37:37
|w 2026-02-24
|